Diseño de un silo de concreto para granos
Tallennettuna:
| Päätekijä: | |
|---|---|
| Aineistotyyppi: | Tuntematon |
| Julkaistu: |
Ed. mecanografiada
1951
|
| Tagit: |
Lisää tagi
Ei tageja, Lisää ensimmäinen tagi!
|
MARC
| LEADER | 00000 a2200000 4500 | ||
|---|---|---|---|
| 003 | 010986 | ||
| 005 | 20221231143801.0 | ||
| 008 | 140114s1951 c a m 000 ||s d | ||
| 040 | |c cru CEDI | ||
| 090 | |a TFG 048 | ||
| 100 | |a Vargas Echeverría, Adolfo |9 17065 | ||
| 245 | |a Diseño de un silo de concreto para granos | ||
| 260 | |c 1951 |a Ed. mecanografiada | ||
| 300 | |a 29 [12] hojas ; ilustraciones | ||
| 500 | |a Tesis (ingeniero civil)--Universidad de Costa Rica. Facultad de Ingeniería | ||
| 942 | |c TFG | ||
| 999 | |c 11922 |d 11922 | ||
